Words across the Taiwan strait (Record no. 1078570)

MARC details
000 -LEADER
fixed length control field 00723nam a2200253Ia 4500
003 - CONTROL NUMBER IDENTIFIER
control field OSt
005 - DATE AND TIME OF LATEST TRANSACTION
control field 20221006143944.0
008 - FIXED-LENGTH DATA ELEMENTS--GENERAL INFORMATION
fixed length control field 221006b |||||||| |||| 00| 0 eng d
037 ## - SOURCE OF ACQUISITION
Terms of availability Textual
040 ## - CATALOGING SOURCE
Original cataloging agency EASL
Transcribing agency EASL
Language of cataloging eng
041 ## - LANGUAGE CODE
Source of code eng
Language code of text/sound track or separate title eng
100 ## - MAIN ENTRY--PERSONAL NAME
Personal name COPPER John F
9 (RLIN) 650671
245 #0 - TITLE STATEMENT
Title Words across the Taiwan strait
Remainder of title A critique of Beijing's White Paper on China's reunification
260 ## - PUBLICATION, DISTRIBUTION, ETC.
Place of publication, distribution, etc. Lanham
Name of publisher, distributor, etc. University press of America
Date of publication, distribution, etc. 1995
300 ## - PHYSICAL DESCRIPTION
Extent 127p.
Dimensions cm.
490 ## - SERIES STATEMENT
Volume/sequential designation CEL
942 ## - ADDED ENTRY ELEMENTS (KOHA)
Classification part W.4295.N94, N5
Koha item type Textual
Source of classification or shelving scheme Colon Classification (CC)
Holdings
Withdrawn status Lost status Source of classification or shelving scheme Damaged status Not for loan Home library Current library Date acquired Serial Enumeration / chronology Total Checkouts Full call number Barcode Date last seen Price effective from Koha item type
    Colon Classification (CC)     Department of East Asian Studies Library Department of East Asian Studies Library 2022-10-06 CEL   W.4295.N94 N5 EA1011904 2022-10-06 2022-10-06 Textual
Copyright @ Delhi University Library System